5HLuxD.jpg

KING HENRY VIII SENIOR AND PRIMARY SCHOOL LIBRARY OPAC

The kite runner / (Record no. 3652)

000 -LEADER
fixed length control field 01495cam a2200313 a 4500
001 - CONTROL NUMBER
control field 005501734
003 - CONTROL NUMBER IDENTIFIER
control field OCoLC
005 - DATE AND TIME OF LATEST TRANSACTION
control field 20240424094710.0
008 - FIXED-LENGTH DATA ELEMENTS--GENERAL INFORMATION
fixed length control field 110424t20132003nyu 000 1 eng d
020 ## - INTERNATIONAL STANDARD BOOK NUMBER
International Standard Book Number 9781594631931
Qualifying information (pbk.)
040 ## - CATALOGING SOURCE
Original cataloging agency JRS
Language of cataloging eng
Transcribing agency JRS
Modifying agency NCHU
-- KH8
042 ## - AUTHENTICATION CODE
Authentication code nbic
082 ## - DEWEY DECIMAL CLASSIFICATION NUMBER
Classification number FIC HOS
100 1# - MAIN ENTRY--PERSONAL NAME
Personal name Hosseini, Khaled,
Relator term author.
245 14 - TITLE STATEMENT
Title The kite runner /
Statement of responsibility, etc. Khaled Hosseini.
250 ## - EDITION STATEMENT
Edition statement 1st Riverhead trade pbk. ed.
260 ## - PUBLICATION, DISTRIBUTION, ETC.
Place of publication, distribution, etc. New York :
Name of publisher, distributor, etc. Riverhead Books,
Date of publication, distribution, etc. 2004, c2005.
300 ## - PHYSICAL DESCRIPTION
Extent xv, 371 p. ;
Dimensions 21 cm.
500 ## - GENERAL NOTE
General note 1077175: Riverhead 10th anniversary edition, 2013.
520 ## - SUMMARY, ETC.
Summary, etc. An epic tale of fathers and sons, of friendship and betrayal, that takes us from Afghanistan in the final days of the monarchy to the atrocities of the present. The unforgettable, heartbreaking story of the unlikely friendship between a wealthy boy and the son of his father's servant, The Kite Runner is a beautifully crafted novel set in a country that is in the process of being destroyed. It is about the power of reading, the price of betrayal, and the possibility of redemption, and it is also about the power of fathers over sons-their love, their sacrifices, their lies.
650 #0 - SUBJECT ADDED ENTRY--TOPICAL TERM
Topical term or geographic name entry element Male friendship
Form subdivision Fiction.
650 #0 - SUBJECT ADDED ENTRY--TOPICAL TERM
Topical term or geographic name entry element Social classes
Form subdivision Fiction.
650 #0 - SUBJECT ADDED ENTRY--TOPICAL TERM
Topical term or geographic name entry element Betrayal
Form subdivision Fiction.
650 #0 - SUBJECT ADDED ENTRY--TOPICAL TERM
Topical term or geographic name entry element Boys
Form subdivision Fiction.
651 #0 - SUBJECT ADDED ENTRY--GEOGRAPHIC NAME
Geographic name Kabul (Afghanistan)
Form subdivision Fiction.
651 #0 - SUBJECT ADDED ENTRY--GEOGRAPHIC NAME
Geographic name Afghanistan
Form subdivision Fiction.
655 #7 - INDEX TERM--GENRE/FORM
Genre/form data or focus term Bildungsromans.
Source of term gsafd.
942 ## - ADDED ENTRY ELEMENTS (KOHA)
Source of classification or shelving scheme
Koha item type Books - Fiction
Holdings
Withdrawn status Lost status Source of classification or shelving scheme Damaged status Not for loan Collection code Permanent Location Current Location Shelving location Date acquired Full call number Barcode Date last seen Price effective from Koha item type
          Fiction KH8 Senior School Library KH8 Senior School Library Fiction 2024-04-24 FIC HOS 3KHSL000102040 2024-07-16 2024-04-24 Books - Fiction

Powered By KH8 IT Dept